Access to and use of buildings (Record no. 121170)
[ view plain ]
| 000 -LEADER | |
|---|---|
| fixed length control field | 01311nam a22002777a 4500 |
| 001 - CONTROL NUMBER | |
| control field | K121170 |
| 008 - FIXED-LENGTH DATA ELEMENTS--GENERAL INFORMATION | |
| fixed length control field | 160218b2015 xxu||||| |||| 00| 0 eng d |
| 020 ## - INTERNATIONAL STANDARD BOOK NUMBER | |
| ISBN | 9781859466094 |
| 041 ## - LANGUAGE CODE | |
| Language code of text/sound track or separate title | eng |
| 110 ## - MAIN ENTRY--CORPORATE NAME | |
| Corporate author | H M Government |
| 240 ## - UNIFORM TITLE | |
| Uniform title | <a href="The Building Regulations 2010">The Building Regulations 2010</a> |
| 245 ## - TITLE STATEMENT | |
| Title | Access to and use of buildings |
| Subtitle | Approved Document M Volume 2 Buildings other than dwellings |
| 250 ## - EDITION | |
| Edition statement | 2015 edition incorporating 2016 amendments for use in Englnad |
| 260 ## - PUBLICATION INFORMATION | |
| Place of publication | Newcastle upon Tyne |
| Publisher | NBS |
| Date | 2015 |
| 300 ## - PHYSICAL DESCRIPTION | |
| Physical description | 72p |
| 520 ## - ABSTRACT | |
| Abstract | Approved document M published in two parts provides guidance on accessibility to and use of buildings. Volume 2 deals with buildings other than dwellings. Divided into 3 parts: M1 Access and use of buildings, M2 Access to extensions to buildings other than dwellings M3 Sanitary conveniences in extensions to buildings other than dwellings. For Volume 1 see K121169 |
| 650 ## - KEYWORDS | |
| Keywords | Accessible |
| 650 ## - KEYWORDS | |
| Keywords | Wheelchairs |
| 650 ## - KEYWORDS | |
| Keywords | Well being |
| 650 ## - KEYWORDS | |
| Keywords | Health |
| 650 ## - KEYWORDS | |
| Keywords | Non-domestic buildings |
| 651 ## - SUBJECT ADDED ENTRY--GEOGRAPHIC NAME | |
| Geographic name | England |
| 690 ## - BROAD SUBJECT | |
| 9 (RLIN) | 6224 |
| Broad subject | Building regulations |
| 856 ## - ONLINE RESOURCE | |
| Uniform Resource Identifier | <a href="https://assets.publishing.service.gov.uk/government/uploads/system/uploads/attachment_data/file/441786/BR_PDF_AD_M2_2015.pdf">https://assets.publishing.service.gov.uk/government/uploads/system/uploads/attachment_data/file/441786/BR_PDF_AD_M2_2015.pdf</a> |
| Link text | View at assetspublishing.service.org.uk |
| 942 ## - ADDED ENTRY ELEMENTS (KOHA) | |
| Suppress in OPAC | Do not suppress in OPAC |
| Lost status | Damaged status | Not for loan | Home library | Current library | Shelving location | Date acquired | Total Checkouts | Date last seen | Price effective from | Koha item type |
|---|---|---|---|---|---|---|---|---|---|---|
| Virtual | Virtual | Online | 29/11/2019 | 29/11/2019 | 29/11/2019 | Book |